[Event "Flint (Class A/1)"]
[Site "?"]
[Date "1990.??.??"]
[Round "?"]
[White "Scott, Steven"]
[Black "Smith, Daryn"]
[Result "1/2-1/2"]
[WhiteElo "1925"]
[BlackElo "1830"]
[PlyCount "149"]
[EventDate "1990.??.??"]

1. e4 c5 2. Nc3 e6 3. Nf3 Nc6 4. d4 cxd4 5. Nxd4 Be7 6. Be2 d6 7. O-O a6 8. Be3
Bd7 9. f4 Nf6 10. Qd2 Qc7 11. Bf3 Rc8 12. Kh1 O-O 13. Rad1 b5 14. a3 Rfd8 15.
Qf2 Re8 16. e5 dxe5 17. Nxc6 Bxc6 18. Bxc6 Qxc6 19. fxe5 Ng4 20. Qxf7+ Kh8 21.
Qf4 Nxe3 22. Qxe3 Bxa3 23. Ne4 Be7 24. Nd6 Bxd6 25. exd6 Qd7 26. Qf3 Kg8 27.
Qd3 Rc6 28. Rf2 Rd8 29. Rfd2 Rf8 30. Qe3 Rf5 31. h3 Rfc5 32. c3 a5 33. Rf2 Rxd6
34. Re1 Rf5 35. Rfe2 Rf6 36. Qe4 a4 37. Qb4 Kf7 38. Qe4 h6 39. Kg1 Rd5 40. Kh1
Rdf5 41. Kg1 Qa7+ 42. Kh1 Qc7 43. Kg1 Qc5+ 44. Kh1 Qc7 45. Kg1 Qb6+ 46. Kh1
Rf1+ 47. Rxf1 Rxf1+ 48. Kh2 Qd6+ 49. g3 Qd5 50. Kg2 Qxe4+ 51. Rxe4 Rd1 52. Rb4
Rd5 53. c4 bxc4 54. Rxc4 Rd2+ 55. Kf3 Rxb2 56. Rxa4 Rb5 57. Ra7+ Kf6 58. Ra6 g6
59. h4 Rb3+ 60. Kf4 g5+ 61. hxg5+ hxg5+ 62. Kg4 Rb4+ 63. Kf3 g4+ 64. Ke3 Kf5
65. Ra3 Rb2 66. Rc3 e5 67. Rc8 Rb3+ 68. Kf2 Rb2+ 69. Ke3 Rg2 70. Rf8+ Ke6 71.
Re8+ Kf6 72. Rf8+ Ke7 73. Rf5 Rxg3+ 74. Kf2 Ke6 75. Rxe5+ 1/2-1/2

[Event "Lansing (Mini-Swiss.2/3)"]
[Site "?"]
[Date "1990.??.??"]
[Round "?"]
[White "Scott, Steven"]
[Black "Schweikert, G."]
[Result "1/2-1/2"]
[WhiteElo "1920"]
[BlackElo "1870"]
[PlyCount "39"]
[EventDate "1990.??.??"]

{2/(3)} 1. e4 e5 2. Nf3 Nc6 3. Bc4 Nf6 4. d3 Be7 5. O-O O-O 6. c3 d5 7. exd5
Nxd5 8. Re1 Bf6 9. Nbd2 Bg4 10. Ne4 Nb6 11. Bb3 Nd7 12. h3 Bxf3 13. Qxf3 Be7
14. Be3 Nf6 15. Rad1 Nxe4 16. Qxe4 Bd6 17. Qg4 Qf6 18. d4 exd4 19. Bxd4 Nxd4
20. Qxd4 1/2-1/2

[Event "Lansing (MI Am/1/19)"]
[Site "?"]
[Date "1990.??.??"]
[Round "?"]
[White "Scott, Steven"]
[Black "Rosebrook, G."]
[Result "1-0"]
[WhiteElo "1885"]
[BlackElo "1605"]
[PlyCount "25"]
[EventDate "1990.??.??"]

{1/(19)} 1. e4 c5 2. Nf3 e6 3. Bc4 a6 4. a4 g6 5. d4 Be7 6. Nc3 Nf6 7. e5 Ng8
8. O-O Nc6 9. d5 exd5 10. Qxd5 Qc7 11. Qxf7+ Kd8 12. Bg5 Bxg5 13. Qf8# 1-0

[Event "Lansing (Feb)"]
[Site "?"]
[Date "1990.??.??"]
[Round "?"]
[White "Scott, Steven"]
[Black "Owens, James"]
[Result "0-1"]
[WhiteElo "1930"]
[BlackElo "1950"]
[PlyCount "66"]
[EventDate "1990.??.??"]

1. e4 e6 2. d4 d5 3. exd5 exd5 4. Bd3 Nf6 5. Nf3 Bg4 6. c3 Be7 7. Bf4 O-O 8.
Nbd2 Nbd7 9. O-O Re8 10. Qc2 Rc8 11. Rfe1 c5 12. Qa4 a6 13. Ne5 Nxe5 14. dxe5
Nh5 15. Bg3 Bd7 16. Qd1 Nxg3 17. hxg3 Qb6 18. b3 Be6 19. Qh5 g6 20. Qh6 Red8
21. c4 Bf8 22. Qe3 Qb4 23. Red1 b5 24. cxd5 Bxd5 25. Ne4 Bxe4 26. Bxe4 Rd4 27.
Bf3 Re8 28. Bd5 Rd8 29. Qf3 R8xd5 30. Rxd4 Qxd4 31. Re1 Rxe5 32. Rd1 Qe4 33.
Qf6 Qe2 0-1

[Event "Lansing (MI Am/3/10)"]
[Site "?"]
[Date "1990.??.??"]
[Round "?"]
[White "Scott, Steven"]
[Black "Lewis, James"]
[Result "1-0"]
[WhiteElo "1885"]
[BlackElo "1735"]
[PlyCount "61"]
[EventDate "1990.??.??"]

{3/(10)} 1. e4 e5 2. Nf3 Nc6 3. Bc4 Bc5 4. d3 Nf6 5. c3 O-O 6. O-O a6 7. a4 d6
8. Bg5 h6 9. Bh4 Bg4 10. Nbd2 g5 11. Bg3 Nh5 12. b4 Ba7 13. Qb3 Qf6 14. Rae1
Ne7 15. d4 Nxg3 16. fxg3 exd4 17. Nxd4 Bxd4+ 18. Kh1 Bf2 19. h3 Be6 20. Re2
Bxc4 21. Qxc4 Nc6 22. Rexf2 Qe6 23. Qe2 Ne5 24. Rf6 Qa2 25. Rxh6 Kg7 26. Qh5
Rg8 27. Rh7+ Kf8 28. c4 Ke8 29. Rfxf7 Kd8 30. Qxg5+ Rxg5 31. Rf8# 1-0

[Event "Detroit (MI Op/2/45)"]
[Site "?"]
[Date "1990.??.??"]
[Round "?"]
[White "Scott, Steven"]
[Black "Lahr, Fred"]
[Result "0-1"]
[WhiteElo "1920"]
[BlackElo "1735"]
[PlyCount "120"]
[EventDate "1990.??.??"]

{2/(45)} 1. e4 e5 2. Nf3 Nc6 3. Bc4 Nf6 4. d3 Be7 5. O-O O-O 6. c3 d6 7. Bb3
Na5 8. Bc2 c5 9. Nbd2 Nc6 10. Re1 Re8 11. Nf1 Qc7 12. Ne3 Bf8 13. d4 g6 14.
dxe5 dxe5 15. Qe2 Bg7 16. Nf1 a6 17. a4 Bd7 18. Ng3 Rad8 19. Be3 b6 20. h3 Na5
21. Red1 Be6 22. Nd2 Bc8 23. f3 Nd7 24. Nc4 Nxc4 25. Qxc4 Nf8 26. Qe2 Ne6 27.
Qf2 Bf6 28. Nf1 Qe7 29. Kh2 h5 30. a5 b5 31. Rd5 c4 32. Rad1 Bb7 33. Rxd8 Rxd8
34. Rxd8+ Qxd8 35. Bb6 Qd7 36. b4 Nf4 37. Kg1 Nd3 38. Qd2 Bc8 39. Be3 Bh4 40.
Bxd3 Qxd3 41. Qxd3 cxd3 42. Nd2 f5 43. exf5 gxf5 44. Bf2 Bg5 45. Be1 Be3+ 46.
Kf1 Be6 47. Nb1 e4 48. fxe4 fxe4 49. Bd2 Bxd2 50. Nxd2 e3 51. Ne4 Bc4 52. Ke1
d2+ 53. Nxd2 exd2+ 54. Kxd2 Kf7 55. g4 hxg4 56. hxg4 Kf6 57. Ke3 Ke5 58. g5 Be6
59. g6 Kd5 60. Kd2 Kc4 0-1

[Event "Flint (Class A/4)"]
[Site "?"]
[Date "1990.??.??"]
[Round "?"]
[White "Scott, Steven"]
[Black "Kung, Fred"]
[Result "0-1"]
[WhiteElo "1925"]
[BlackElo "1845"]
[PlyCount "60"]
[EventDate "1990.??.??"]

1. e4 e6 2. d4 d5 3. exd5 exd5 4. Bd3 Nc6 5. c3 Bd6 6. Nf3 Bg4 7. Nbd2 Nge7 8.
O-O Qd7 9. Re1 O-O 10. Nf1 Bf5 11. Ng3 Bxd3 12. Qxd3 Bxg3 13. hxg3 Qf5 14. Qb5
b6 15. Bf4 a6 16. Qb3 Rac8 17. Re2 Ng6 18. Bd2 Na5 19. Qa4 Nc4 20. Qb3 Rfe8 21.
Rae1 Rxe2 22. Rxe2 Qd3 23. Qd1 Nxb2 24. Qe1 Rf8 25. Bg5 Nc4 26. Be7 Re8 27. Ne5
Ncxe5 28. Rxe5 Nxe5 29. Qxe5 Qxc3 30. Qxd5 Qe1+ 0-1

[Event "Detroit (MI Op/7/34)"]
[Site "?"]
[Date "1990.??.??"]
[Round "?"]
[White "Scott, Steven"]
[Black "Kornhauser, M."]
[Result "1-0"]
[WhiteElo "1920"]
[BlackElo "1825"]
[PlyCount "91"]
[EventDate "1990.??.??"]

{7/(34)} 1. e4 g6 2. d4 Bg7 3. Nf3 d6 4. Be2 Bg4 5. Nbd2 Nd7 6. h3 Bxf3 7. Nxf3
e5 8. dxe5 Nxe5 9. O-O Nf6 10. c3 O-O 11. Qc2 c6 12. Bf4 Re8 13. Rfd1 Qc7 14.
Rd2 Nh5 15. Bh2 Bh6 16. Rdd1 Nf4 17. Nxe5 Nxe2+ 18. Qxe2 dxe5 19. Rd3 Rad8 20.
Rad1 Bg5 21. Rxd8 Rxd8 22. Rxd8+ Bxd8 23. Qd2 Qe7 24. Bxe5 Qxe5 25. Qxd8+ Kg7
26. Qd4 Kf6 27. f4 Qxd4+ 28. cxd4 b6 29. Kf2 Ke6 30. Ke3 f6 31. g4 Kd6 32. Kd3
Ke6 33. Kc4 Kd6 34. a4 Ke6 35. d5+ cxd5+ 36. exd5+ Kd6 37. g5 f5 38. b4 a6 39.
b5 axb5+ 40. axb5 Kd7 41. Kc3 Ke7 42. Kd4 Kd6 43. h4 Kd7 44. Ke5 Ke7 45. d6+
Kd7 46. Kd5 1-0

[Event "Detroit (MI Op/4/42)"]
[Site "?"]
[Date "1990.??.??"]
[Round "?"]
[White "Scott, Steven"]
[Black "Jost, A."]
[Result "1/2-1/2"]
[WhiteElo "1920"]
[BlackElo "1825"]
[PlyCount "90"]
[EventDate "1990.??.??"]

{4/(42)} 1. e4 c5 2. Nf3 d6 3. Bc4 e6 4. c3 Nc6 5. d4 cxd4 6. cxd4 Bd7 7. O-O
Nf6 8. Nc3 a6 9. Re1 Be7 10. e5 Ng8 11. exd6 Bxd6 12. d5 Nce7 13. dxe6 Bxe6 14.
Bxe6 fxe6 15. Rxe6 Bc5 16. Qxd8+ Rxd8 17. Bg5 Kd7 18. Ree1 h6 19. Ne5+ Ke8 20.
Bxe7 Nxe7 21. Ng6 Rg8 22. Nxe7 Bxe7 23. Ne4 Kf7 24. Rac1 Rd7 25. f3 Bb4 26.
Red1 Rgd8 27. Rxd7+ Rxd7 28. Kf1 Ke7 29. Ke2 Ba5 30. Rc2 Bb6 31. h3 Rd5 32. b3
h5 33. g4 h4 34. Rd2 Ke6 35. Rc2 Ke5 36. Rc8 Rd8 37. Rc2 Kf4 38. Rc4 Rd4 39.
Rc8 Rd8 40. Rc2 Rd5 41. Rc4 Rd4 42. Rc3 Rd5 43. Rc2 Rd7 44. a4 a5 45. Rc8 Rd8
1/2-1/2

[Event "Lansing (MI Am/5/10)"]
[Site "?"]
[Date "1990.??.??"]
[Round "?"]
[White "Scott, Steven"]
[Black "Grzegorczyk, Ron"]
[Result "1-0"]
[WhiteElo "1885"]
[BlackElo "1680"]
[PlyCount "43"]
[EventDate "1990.??.??"]

{5/(10)} 1. e4 c5 2. Nf3 Nc6 3. d4 cxd4 4. Nxd4 g6 5. Nxc6 bxc6 6. Qd4 f6 7.
Bc4 e5 8. Qd1 Bb7 9. O-O d5 10. exd5 cxd5 11. Bb5+ Kf7 12. c3 Bc5 13. Nd2 d4
14. Nb3 Bb6 15. cxd4 Qd5 16. Qf3 e4 17. Qe2 Kg7 18. Be3 Ne7 19. Nc5 Nf5 20. Bc4
Qc6 21. Ne6+ Kg8 22. Nd8+ 1-0

[Event "Detroit (MI Op/5/38)"]
[Site "?"]
[Date "1990.??.??"]
[Round "?"]
[White "Scott, Steven"]
[Black "Garrison, Ray"]
[Result "0-1"]
[WhiteElo "1920"]
[BlackElo "1815"]
[PlyCount "34"]
[EventDate "1990.??.??"]

{5/(38)} 1. e4 c6 2. d4 d5 3. exd5 cxd5 4. Bd3 Nc6 5. c3 Qc7 6. Nf3 f6 7. O-O
Bg4 8. Nbd2 O-O-O 9. Bb5 e5 10. Qa4 e4 11. Ne1 Bd6 12. h3 h5 13. hxg4 Bh2+ 14.
Kh1 hxg4 15. g3 Bxg3+ 16. Kg1 g5 17. Nb3 Qh7 0-1

[Event "Flint (Class A/3)"]
[Site "?"]
[Date "1990.??.??"]
[Round "?"]
[White "Scott, Steven"]
[Black "Frawley, Ed"]
[Result "1/2-1/2"]
[WhiteElo "1925"]
[BlackElo "1815"]
[PlyCount "41"]
[EventDate "1990.??.??"]

1. e4 e5 2. Nf3 Nc6 3. Bb5 a6 4. Ba4 Nf6 5. d3 Be7 6. c3 d6 7. O-O b5 8. Bc2
Bg4 9. Nbd2 O-O 10. Re1 Qd7 11. Nf1 Bxf3 12. Qxf3 Qg4 13. Qxg4 Nxg4 14. h3 Nf6
15. Ne3 Rae8 16. Bb3 Bd8 17. Bd2 h6 18. Nd5 Nxd5 19. Bxd5 Nb8 20. Bb3 Kh7 21.
Bc2 1/2-1/2

[Event "Flint (Class B/4)"]
[Site "?"]
[Date "1990.??.??"]
[Round "?"]
[White "Scott, D."]
[Black "Skidmore, Jennifer"]
[Result "1-0"]
[WhiteElo "1700"]
[BlackElo "1720"]
[PlyCount "120"]
[EventDate "1990.??.??"]

1. e4 e5 2. Nf3 Nc6 3. Bc4 Be7 4. d4 exd4 5. Nxd4 Ne5 6. Bb3 d6 7. c3 Nf6 8.
Bc2 O-O 9. h3 Be6 10. Be3 Qd7 11. Nd2 d5 12. f4 Nc4 13. Nxc4 dxc4 14. f5 Qd6
15. Qf3 Bc8 16. O-O c5 17. Ne2 Qc6 18. Ng3 b5 19. Qf2 Bb7 20. Bg5 h6 21. Bf4
Rad8 22. e5 Nd5 23. Be4 Bg5 24. Bxg5 hxg5 25. f6 g6 26. Qf3 Qe6 27. Bxd5 Bxd5
28. Qe3 Kh7 29. Qxg5 Rh8 30. Rf4 Kg8 31. Re1 Bxg2 32. Rh4 Rxh4 33. Qxh4 Qxh3
34. Qxh3 Bxh3 35. Ne4 Bf5 36. Nd6 Bd7 37. Kf2 a6 38. Ke3 Be6 39. Re2 Kh7 40.
Kf4 Rh8 41. Ne4 Kg8 42. Nxc5 Rh4+ 43. Ke3 Rh3+ 44. Kd2 Bc8 45. Rg2 Rh5 46. Re2
g5 47. Ke3 Rh3+ 48. Ke4 Rh4+ 49. Kd5 g4 50. Kd6 g3 51. Rg2 Rg4 52. e6 Bxe6 53.
Nxe6 fxe6 54. Ke7 Kh7 55. f7 Rg7 56. Ke8 e5 57. f8=Q a5 58. Qf5+ Kg8 59. Qxe5
b4 60. Rxg3 Rxg3 1-0

[Event "Flint (Class B/1)"]
[Site "?"]
[Date "1990.??.??"]
[Round "?"]
[White "Scott, D."]
[Black "Rosenberg, Steve"]
[Result "0-1"]
[WhiteElo "1700"]
[BlackElo "1740"]
[PlyCount "104"]
[EventDate "1990.??.??"]

1. e4 Nf6 2. Nc3 d5 3. e5 Ne4 4. Qf3 Nxc3 5. bxc3 e6 6. d4 c5 7. Bd3 Nc6 8. Qe3
cxd4 9. cxd4 Bb4+ 10. Kf1 Bc3 11. Rb1 Bxd4 12. Qe2 Nxe5 13. Nf3 Nxf3 14. Qxf3
Qf6 15. Bb5+ Kf8 16. Qg3 h6 17. Ke2 Qe5+ 18. Qxe5 Bxe5 19. Rd1 a6 20. Ba3+ Kg8
21. Bd3 b5 22. g3 g6 23. f4 Bf6 24. Bd6 Kg7 25. Rf1 Re8 26. Be5 Bxe5 27. fxe5
Rf8 28. Rf6 Bd7 29. Rbf1 Rac8 30. Kd2 Bc6 31. c3 Rcd8 32. Ke3 Rd7 33. Kd4 g5
34. g4 Rc7 35. R1f3 Rfc8 36. Rh3 Rh8 37. a3 Be8 38. Rh5 a5 39. Rh3 Rb7 40. Rg3
b4 41. axb4 axb4 42. cxb4 Rxb4+ 43. Kc5 Rb3 44. Rgf3 Rb2 45. h3 Rf8 46. Kd6 Rb7
47. Bg6 Rh8 48. Bd3 Ba4 49. Kc5 Rc8+ 50. Kd4 Rb4+ 51. Ke3 d4+ 52. Ke2 Rb2+ 0-1

[Event "Flint (Class B/5)"]
[Site "?"]
[Date "1990.??.??"]
[Round "?"]
[White "Scott, D."]
[Black "Jordan, Willie"]
[Result "1-0"]
[WhiteElo "1700"]
[BlackElo "1685"]
[PlyCount "91"]
[EventDate "1990.??.??"]

1. e4 c5 2. Nc3 Nc6 3. g3 b6 4. Bg2 Bb7 5. Nge2 e5 6. d3 d6 7. Be3 Be7 8. Qd2
Qd7 9. Nd5 Nf6 10. Nec3 Nb4 11. Nxe7 Qxe7 12. a3 Na6 13. Bg5 Nc7 14. O-O h6 15.
Be3 d5 16. exd5 Ncxd5 17. Rfe1 O-O 18. Ne2 e4 19. Nf4 Rad8 20. Qc1 exd3 21.
Nxd3 Qd7 22. Ne5 Qc7 23. Nf3 Rfe8 24. c4 Nxe3 25. Rxe3 Ng4 26. Rxe8+ Rxe8 27.
h3 Nf6 28. Qd2 Qc8 29. Kh2 Ne4 30. Qc2 Nf6 31. Rd1 Ne4 32. Re1 Nf6 33. Rd1 Ba8
34. b3 Bc6 35. Nh4 Bd7 36. Qd3 Qa6 37. a4 Qc8 38. Qd2 Nh7 39. Qxd7 Qxd7 40.
Rxd7 Re2 41. Nf5 Rxf2 42. Rd8+ Nf8 43. Ne7+ Kh7 44. Rxf8 Rb2 45. Rxf7 Rxb3 46.
Be4+ 1-0

[Event "Lansing (Mini-Swiss.2/1)"]
[Site "?"]
[Date "1990.??.??"]
[Round "?"]
[White "Schweikert, G."]
[Black "Kornhauser, M."]
[Result "1-0"]
[WhiteElo "1870"]
[BlackElo "1825"]
[PlyCount "81"]
[EventDate "1990.??.??"]

{2/(1)} 1. e4 g6 2. d4 Bg7 3. Nf3 d6 4. Be2 c6 5. O-O Bg4 6. c3 Nd7 7. Nbd2
Ngf6 8. Re1 O-O 9. Qc2 Qc7 10. h3 Bxf3 11. Nxf3 e5 12. dxe5 dxe5 13. Be3 Rad8
14. Rad1 Nb6 15. Nh2 Rxd1 16. Rxd1 Rd8 17. Bg5 Rxd1+ 18. Bxd1 Qd6 19. Ng4 Nxg4
20. Bxg4 h5 21. Be2 Nd7 22. Be3 a6 23. a4 b5 24. a5 Bf8 25. c4 Qb4 26. Bd2 Qd6
27. b4 Nf6 28. c5 Qe7 29. Qd3 Qd7 30. Qxd7 Nxd7 31. g4 hxg4 32. Bxg4 Nf6 33.
Bc8 Nxe4 34. Be3 Nc3 35. Bxa6 Nd5 36. Bd2 e4 37. Bb7 Bg7 38. a6 Be5 39. a7 Nc7
40. a8=Q+ Nxa8 41. Bxa8 1-0

[Event "Lansing (MI Am/3/11)"]
[Site "?"]
[Date "1990.??.??"]
[Round "?"]
[White "Schoonmaker, John"]
[Black "Yaure, Chris"]
[Result "0-1"]
[WhiteElo "1995"]
[BlackElo "1925"]
[PlyCount "70"]
[EventDate "1990.??.??"]

{3/(11)} 1. d4 Nf6 2. Bg5 d6 3. Bxf6 gxf6 4. e3 e5 5. c3 Be6 6. Nf3 Nd7 7. g3
h5 8. Bg2 Bh6 9. O-O d5 10. Nbd2 e4 11. Ne1 h4 12. Nc2 Ke7 13. c4 c6 14. b4 Qg8
15. Re1 f5 16. cxd5 cxd5 17. Nf1 f4 18. exf4 Bxf4 19. Nce3 hxg3 20. fxg3 Bd6
21. Qb3 f5 22. Rac1 f4 23. gxf4 Bxf4 24. Rc2 Qg5 25. Kf2 Bxh2 26. Nxh2 Rxh2 27.
Ke2 Bg4+ 28. Kf2 Qh4+ 29. Kg1 Qxe1+ 30. Nf1 Rxg2+ 31. Rxg2 Rf8 32. Rxg4 Rxf1+
33. Kh2 Qf2+ 34. Rg2 Qh4+ 35. Qh3 Rh1+ 0-1

[Event "Lansing (Mini-Swiss.2/3)"]
[Site "?"]
[Date "1990.??.??"]
[Round "?"]
[White "Schoonmaker, John"]
[Black "Skidmore, Mike"]
[Result "1/2-1/2"]
[WhiteElo "1990"]
[BlackElo "1910"]
[PlyCount "112"]
[EventDate "1990.??.??"]

{2/(3)} 1. d4 d5 2. Nf3 c6 3. Bg5 h6 4. Bh4 Bf5 5. e3 Nd7 6. Bd3 Bxd3 7. cxd3
Ngf6 8. O-O e6 9. Nbd2 Be7 10. Qc2 O-O 11. a3 Rc8 12. b4 b6 13. Rfc1 Qc7 14. e4
Rfe8 15. e5 Nh7 16. Bxe7 Rxe7 17. Qb2 Qb7 18. Rc2 f6 19. Rac1 Ng5 20. exf6 gxf6
21. Nxg5 hxg5 22. b5 c5 23. dxc5 bxc5 24. a4 Ne5 25. Qa3 Rec7 26. Rxc5 Rxc5 27.
Rxc5 Rxc5 28. Qxc5 Nxd3 29. Qc6 Qb6 30. Qxb6 axb6 31. Nb3 Kf7 32. Kf1 Ke7 33.
a5 bxa5 34. Nxa5 Kd7 35. g3 Kc7 36. h4 gxh4 37. gxh4 Kb6 38. Nb3 Kxb5 39. Nd4+
Kc4 40. Nxe6 Ne5 41. h5 d4 42. h6 Kc3 43. h7 Nf7 44. Ke2 d3+ 45. Kd1 d2 46. Nf4
Nh8 47. Nd5+ Kd4 48. Nxf6 Ke5 49. Ng8 Kf5 50. Kxd2 Kg6 51. Ke3 Kxh7 52. Nf6+
Kg6 53. Ng4 Kf5 54. f3 Nf7 55. Nf2 Ne5 56. f4 Ng6 1/2-1/2

[Event "Lansing (Feb)"]
[Site "?"]
[Date "1990.??.??"]
[Round "?"]
[White "Schoonmaker, John"]
[Black "Scott, Steven"]
[Result "1-0"]
[WhiteElo "1980"]
[BlackElo "1930"]
[PlyCount "95"]
[EventDate "1990.??.??"]

1. d4 Nf6 2. Nf3 e6 3. Bg5 Be7 4. c3 d5 5. e3 Nbd7 6. Nbd2 c6 7. Bd3 Bd6 8. O-O
O-O 9. e4 dxe4 10. Nxe4 Be7 11. Qe2 Nd5 12. Bxe7 Qxe7 13. Bc2 N7f6 14. Nxf6+
Nxf6 15. Ne5 c5 16. dxc5 Qxc5 17. Rfe1 Qc7 18. Rad1 b6 19. Qd3 g6 20. Qf3 Nd5
21. Be4 Qxe5 22. Bxd5 Qxe1+ 23. Rxe1 exd5 24. Qxd5 Be6 25. Qb5 Rfd8 26. f3 Rd2
27. Re2 Rd5 28. Qb4 Rad8 29. c4 Rd1+ 30. Kf2 R1d4 31. b3 Rd1 32. h3 R1d4 33.
Qe7 R4d7 34. Qg5 Rd1 35. h4 Kh8 36. h5 gxh5 37. Qxh5 R1d3 38. Qe5+ Kg8 39. g4
Rd1 40. Kg3 R8d7 41. Rh2 R1d6 42. Rh6 Rd1 43. Qe4 R1d2 44. Qxh7+ Kf8 45. Qh8+
Ke7 46. Qe5 Rxa2 47. g5 Rad2 48. g6 1-0

[Event "Lansing (MI Am/4/21)"]
[Site "?"]
[Date "1990.??.??"]
[Round "?"]
[White "Schoonmaker, John"]
[Black "Hamilton, S."]
[Result "1-0"]
[WhiteElo "1995"]
[BlackElo "1605"]
[PlyCount "75"]
[EventDate "1990.??.??"]

{4/(21)} 1. d4 d5 2. Nf3 Nf6 3. e3 e6 4. Bd3 Be7 5. Nbd2 Bd7 6. O-O O-O 7. Qe2
c5 8. c3 Nc6 9. dxc5 Bxc5 10. e4 e5 11. exd5 Nxd5 12. Bxh7+ Kh8 13. Bc2 Nf4 14.
Qe1 Re8 15. Ne4 Be7 16. Be3 Be6 17. Bb3 Bxb3 18. axb3 f6 19. g3 Qd7 20. Qd1 Qh3
21. Nh4 Rad8 22. Qf3 g5 23. Bxf4 g4 24. Qe3 Kg7 25. Bh6+ Kf7 26. f4 f5 27. Nf2
exf4 28. Qxf4 Rd5 29. Nxh3 Bc5+ 30. Nf2 Re4 31. Qg5 Nd8 32. Qg6+ Ke7 33. Bg5+
Kd7 34. Bxd8 Rd6 35. Rad1 Bxf2+ 36. Kxf2 Ree6 37. Rxd6+ Rxd6 38. Qxd6+ 1-0

[Event "Lansing (Apr)"]
[Site "?"]
[Date "1990.??.??"]
[Round "?"]
[White "Schoonmaker, John"]
[Black "Hahn, David"]
[Result "0-1"]
[WhiteElo "1995"]
[BlackElo "2205"]
[PlyCount "90"]
[EventDate "1990.??.??"]

1. d4 g6 2. Nf3 Bg7 3. Bg5 Nf6 4. e3 d6 5. Nbd2 Nbd7 6. Be2 h6 7. Bxf6 Nxf6 8.
O-O O-O 9. c3 b6 10. a4 Bb7 11. a5 c5 12. axb6 axb6 13. Qb3 Qc7 14. Nc4 Nd7 15.
Rfc1 Bc6 16. Qd1 d5 17. Ncd2 e5 18. Rxa8 Rxa8 19. dxe5 Nxe5 20. Nxe5 Bxe5 21.
Nf3 Bf6 22. Ra1 Qb7 23. Ne1 Rxa1 24. Qxa1 d4 25. exd4 cxd4 26. cxd4 Bxd4 27.
Nf3 Bf6 28. Qc1 Kg7 29. Ne1 Qe7 30. Kf1 Bb7 31. b3 Qe5 32. g3 Qd5 33. Bf3 Ba6+
34. Kg2 Qxb3 35. Nc2 Qc3 36. Qd1 b5 37. Ne3 b4 38. Nd5 Qb2 39. Nxf6 Qxf6 40.
Qb3 Qa1 41. Bd5 Bf1+ 42. Kf3 Qf6+ 43. Ke3 Qe5+ 44. Kf3 Qe2+ 45. Kf4 g5+ 0-1

[Event "Lansing (MI Am/1/1)"]
[Site "?"]
[Date "1990.??.??"]
[Round "?"]
[White "Schoonmaker, John"]
[Black "Griffin, John"]
[Result "1-0"]
[WhiteElo "1990"]
[BlackElo "1610"]
[PlyCount "93"]
[EventDate "1990.??.??"]

{1/(1)} 1. d4 d5 2. Nf3 e6 3. e3 Nf6 4. Bd3 Nbd7 5. Nbd2 b6 6. O-O c5 7. c3 Bb7
8. Qe2 Ne4 9. Ne5 Qc7 10. Bb5 Nef6 11. f4 a6 12. Bd3 c4 13. Bc2 b5 14. a3 Ne4
15. Qf3 Be7 16. Nxe4 dxe4 17. Bxe4 Bxe4 18. Qxe4 Rb8 19. Nxd7 Qxd7 20. Bd2 Qd5
21. Qf3 Qxf3 22. Rxf3 h6 23. e4 f6 24. f5 Kd7 25. fxe6+ Kxe6 26. Raf1 Rhf8 27.
Bf4 Rb7 28. g4 Bd8 29. Bg3 Rbf7 30. Bh4 Kd7 31. e5 Ke6 32. exf6 Bxf6 33. Bxf6
Rxf6 34. Rxf6+ Rxf6 35. Rxf6+ Kxf6 36. Kf2 Ke6 37. Ke3 Kd5 38. Kf4 g6 39. h3 a5
40. h4 b4 41. h5 gxh5 42. gxh5 bxa3 43. bxa3 Ke6 44. Ke4 Kf6 45. d5 Kg5 46. d6
Kf6 47. Kd5 1-0

[Event "Lansing (Mini-Swiss.1/3)"]
[Site "?"]
[Date "1990.??.??"]
[Round "?"]
[White "Schoonmaker, John"]
[Black "Gabbara, Faris"]
[Result "0-1"]
[WhiteElo "1970"]
[BlackElo "2090"]
[PlyCount "72"]
[EventDate "1990.??.??"]

{1/(3)} 1. d4 d5 2. Nf3 e6 3. e3 c5 4. c3 Nc6 5. Bd3 Nf6 6. Nbd2 Bd6 7. O-O O-O
8. Qe2 Re8 9. dxc5 Bxc5 10. e4 e5 11. exd5 Nxd5 12. Ne4 Be7 13. Bc2 Be6 14.
Neg5 Bxg5 15. Nxg5 h6 16. Nxe6 Rxe6 17. Rd1 Qa5 18. Qe4 Nf6 19. Qh4 e4 20. Be3
Qb5 21. Bb3 Re5 22. Rd2 a5 23. Rad1 a4 24. Bc2 Rae8 25. g4 Kh7 26. Bf4 g5 27.
Bxe5 gxh4 28. Bxf6 Ne5 29. Bxe4+ Ng6 30. Rd7 Rxe4 31. Rxf7+ Kg8 32. Rg7+ Kf8
33. Rd8+ Re8 34. Rxg6 Rxd8 35. Bxd8 Qd3 36. Rf6+ Ke8 {[Remainder unavailable]}
0-1

[Event "Lansing (Apr)"]
[Site "?"]
[Date "1990.??.??"]
[Round "?"]
[White "Schoonmaker, John"]
[Black "Gabbara, Faris"]
[Result "1/2-1/2"]
[WhiteElo "1995"]
[BlackElo "2075"]
[PlyCount "149"]
[EventDate "1990.??.??"]

1. d4 Nf6 2. Nf3 e6 3. Bg5 Be7 4. e3 d5 5. c4 Nbd7 6. Nc3 h6 7. Bh4 O-O 8. cxd5
exd5 9. Bd3 c5 10. O-O cxd4 11. Nxd4 Nc5 12. Nf5 Nxd3 13. Nxe7+ Qxe7 14. Qxd3
g5 15. Bg3 Rd8 16. Rfd1 Be6 17. Nb5 a6 18. Nd4 Rac8 19. Rac1 Ne4 20. Nxe6 Qxe6
21. Qd4 Rxc1 22. Rxc1 Rc8 23. Rxc8+ Qxc8 24. Qd1 Qc4 25. a3 f6 26. f3 Nc5 27.
Bd6 Nd3 28. b3 Qc3 29. h3 Kg7 30. f4 Nc1 31. Qxd5 Qxe3+ 32. Kh2 gxf4 33. Qxb7+
Kg6 34. Qf3 Qxf3 35. gxf3 Nxb3 36. Bxf4 Nd4 37. Kg2 Nb5 38. Bc1 h5 39. Bb2 Kf5
40. Kg3 Nd6 41. Bc3 Nc4 42. a4 Kg5 43. Bd4 h4+ 44. Kf2 f5 45. Bc5 Kf4 46. Ba7
Nb2 47. Bb8+ Kg5 48. f4+ Kg6 49. a5 Kf7 50. Bc7 Ke6 51. Kf3 Kd5 52. Bd8 Nc4 53.
Bxh4 Nxa5 54. Bf6 Nc4 55. h4 a5 56. h5 Ke6 57. Bc3 Kf7 58. h6 Kg6 59. Bg7 a4
60. Ke2 Nb6 61. Kd1 Nd5 62. Be5 Kxh6 63. Kc2 Kh5 64. Kb2 Ne3 65. Bb8 Nd5 66.
Ka3 Nb6 67. Kb4 Kh4 68. Ka3 Kg4 69. Ba7 Nd5 70. Kxa4 Kxf4 71. Kb3 Kf3 72. Kc2
Ke2 73. Bb8 Ne3+ 74. Kc3 Nd5+ 75. Kd4 1/2-1/2

[Event "Lansing (Feb)"]
[Site "?"]
[Date "1990.??.??"]
[Round "?"]
[White "Schoonmaker, John"]
[Black "Ford, William"]
[Result "1-0"]
[WhiteElo "1980"]
[BlackElo "1925"]
[PlyCount "79"]
[EventDate "1990.??.??"]

1. d4 d5 2. Nf3 Nf6 3. Bg5 e6 4. c3 Be7 5. Nbd2 O-O 6. e3 c5 7. Bd3 Qb6 8. Qb1
h6 9. Bh4 Nc6 10. O-O cxd4 11. exd4 Bd7 12. Ne5 Be8 13. f4 Nd7 14. Bxe7 Nxe7
15. Kh1 f5 16. Nxd7 Bxd7 17. Nb3 Qc7 18. Qe1 b6 19. Qe3 Rf6 20. Rae1 Raf8 21.
Nd2 Rg6 22. Nf3 Nc6 23. Be2 Rg4 24. Ne5 Nxe5 25. dxe5 Rh4 26. g3 Bc6 27. Qd4
Rg4 28. Bxg4 fxg4 29. Kg1 Rf5 30. Rf2 Qe7 31. Rc1 h5 32. Rd2 h4 33. a3 g6 34.
c4 hxg3 35. hxg3 Rh5 36. cxd5 Bxd5 37. Rc8+ Kg7 38. Rh2 Rxh2 39. Kxh2 Qb7 40.
Qc3 1-0

[Event "Lansing (Mini-Swiss.1/1)"]
[Site "?"]
[Date "1990.??.??"]
[Round "?"]
[White "Schoonmaker, John"]
[Black "Czuhai, Kevin"]
[Result "0-1"]
[WhiteElo "1970"]
[BlackElo "2290"]
[PlyCount "116"]
[EventDate "1990.??.??"]

{1/(1)} 1. d4 Nf6 2. Nf3 b5 3. e3 a6 4. Bd3 Bb7 5. Nbd2 e6 6. O-O d5 7. Qe2 Ne4
8. Ne5 Nd7 9. Nxd7 Qxd7 10. c3 Bd6 11. f3 Nxd2 12. Bxd2 O-O 13. e4 e5 14. Rae1
Rae8 15. Qf2 exd4 16. cxd4 dxe4 17. Bxe4 Bxe4 18. fxe4 c5 19. e5 Bb8 20. dxc5
Bxe5 21. c6 Qxc6 22. Bb4 Qc4 23. Rxe5 Rxe5 24. Bxf8 Kxf8 25. Qd2 Rd5 26. Qf2 f6
27. Qg3 Kf7 28. h3 Qd4+ 29. Qf2 Qxf2+ 30. Rxf2 Rd1+ 31. Kh2 h5 32. Rc2 g5 33.
Rc6 Rd2 34. Rxa6 Rxb2 35. Rb6 b4 36. Kg3 h4+ 37. Kf3 Kg6 38. g3 hxg3 39. Kxg3
Rxa2 40. Rxb4 Ra3+ 41. Kg2 f5 42. Rb8 f4 43. Rg8+ Kf5 44. Rf8+ Ke4 45. Re8+ Kd4
46. Rd8+ Ke3 47. Re8+ Kd2 48. Re5 Re3 49. Rxg5 Ke2 50. Rd5 f3+ 51. Kg3 Re7 52.
h4 Rg7+ 53. Kf4 f2 54. Re5+ Kd2 55. Rd5+ Kc3 56. Rc5+ Kd4 57. Rc1 Rg1 58. Rf1
Rxf1 0-1

[Event "Detroit (RVO/2)"]
[Site "?"]
[Date "1990.??.??"]
[Round "?"]
[White "Schmucker, V."]
[Black "Noren, Kevin"]
[Result "0-1"]
[WhiteElo "1810"]
[BlackElo "2295"]
[PlyCount "68"]
[EventDate "1990.??.??"]

1. e4 e6 2. d4 d5 3. Nc3 Bb4 4. e5 c5 5. a3 Bxc3+ 6. bxc3 Ne7 7. Nf3 Qa5 8. Bd2
Nbc6 9. Be2 cxd4 10. cxd4 Qa4 11. c4 Qxd1+ 12. Rxd1 dxc4 13. Bxc4 O-O 14. O-O
Rd8 15. Be3 h6 16. Rd2 b6 17. Rfd1 Na5 18. Be2 Bb7 19. Rc2 Be4 20. Bd3 Bxd3 21.
Rxd3 Nd5 22. Nd2 Rac8 23. Rxc8 Rxc8 24. Ne4 Rc2 25. g3 Nc4 26. Nd6 Nxd6 27.
exd6 Kf8 28. f4 Ke8 29. Bf2 Kd7 30. Rf3 f5 31. h3 h5 32. g4 hxg4 33. hxg4 fxg4
34. Rg3 Nxf4 0-1